000
00311nam a22001337a 4500
008
170607b xxu||||| |||| 00| 0 eng d
020
_a
9780393928976
041
_a
eng
080
_2
4TH
_a
94
100
_a
18
101
_a
SHH
245
_a
ESSENTIALS OF INTERNATIONAL RELATIONS
_c
MINGST,K.A
942
_2
udc
_c
BK
999
_c
16332
_d
16332